<?xml version="1.0" encoding="UTF-8"?>
<record
    xmlns:xsi="http://www.w3.org/2001/XMLSchema-instance"
    xsi:schemaLocation="http://www.loc.gov/MARC21/slim http://www.loc.gov/standards/marcxml/schema/MARC21slim.xsd"
    xmlns="http://www.loc.gov/MARC21/slim">

  <leader>03174nam a22003737a 4500</leader>
  <controlfield tag="005">2011012805035.0</controlfield>
  <datafield tag="010" ind1=" " ind2=" ">
    <subfield code="a">ENG-101966  B-446017-024</subfield>
  </datafield>
  <datafield tag="020" ind1=" " ind2=" ">
    <subfield code="a">9780198070214</subfield>
    <subfield code="c">795.00</subfield>
  </datafield>
  <datafield tag="020" ind1=" " ind2=" ">
    <subfield code="a">0198070217</subfield>
    <subfield code="c">795.00</subfield>
  </datafield>
  <datafield tag="035" ind1=" " ind2=" ">
    <subfield code="a">EN-85499  B-446017-024</subfield>
  </datafield>
  <datafield tag="037" ind1=" " ind2=" ">
    <subfield code="b">DBAD/PUB</subfield>
  </datafield>
  <datafield tag="037" ind1=" " ind2=" ">
    <subfield code="b">Allied Pub/Ven</subfield>
  </datafield>
  <datafield tag="082" ind1=" " ind2=" ">
    <subfield code="a">304.80954</subfield>
  </datafield>
  <datafield tag="100" ind1=" " ind2=" ">
    <subfield code="a">Kapur, Devesh</subfield>
    <subfield code="d">1959-</subfield>
    <subfield code="9">46559</subfield>
  </datafield>
  <datafield tag="245" ind1=" " ind2=" ">
    <subfield code="a">Diaspora, development, and democracy :</subfield>
    <subfield code="c">by Devesh Kapur</subfield>
    <subfield code="b">the domestic impact of international migration from India /</subfield>
  </datafield>
  <datafield tag="260" ind1=" " ind2=" ">
    <subfield code="a">New Delhi</subfield>
    <subfield code="b">Oxford University Press</subfield>
    <subfield code="c">2010</subfield>
  </datafield>
  <datafield tag="270" ind1=" " ind2=" ">
    <subfield code="a">YMCA Library Building, Jai Singh Road</subfield>
    <subfield code="b">New Delhi</subfield>
    <subfield code="e">110001</subfield>
  </datafield>
  <datafield tag="300" ind1=" " ind2=" ">
    <subfield code="a">xv, 325 p. :</subfield>
    <subfield code="c">25cm (Hb)</subfield>
    <subfield code="b">ill.</subfield>
  </datafield>
  <datafield tag="500" ind1=" " ind2=" ">
    <subfield code="a">Includes bibliographical references.and index</subfield>
  </datafield>
  <datafield tag="505" ind1=" " ind2=" ">
    <subfield code="a">The missing leg of the globalization triad : international migration -- Analytical framework and research methodology -- Selection characteristics of emigration from India -- Economic effects -- Social remittances : migration and the flow of ideas -- International migration and the paradox of India&#x2019;s democracy -- The Indian diaspora and Indian foreign policy : soft power or soft underbelly? -- Civil or uncivil transnational society? The janus face of long-distance nationalism -- Spatially unbound nations.</subfield>
  </datafield>
  <datafield tag="650" ind1=" " ind2=" ">
    <subfield code="a">East Indians </subfield>
    <subfield code="z">Foreign countries. </subfield>
    <subfield code="9">46560</subfield>
  </datafield>
  <datafield tag="700" ind1=" " ind2=" ">
    <subfield code="9">25586</subfield>
  </datafield>
  <datafield tag="942" ind1=" " ind2=" ">
    <subfield code="2">ddc</subfield>
    <subfield code="c">EN</subfield>
    <subfield code="h">304.80954</subfield>
    <subfield code="m">KAP</subfield>
  </datafield>
  <datafield tag="999" ind1=" " ind2=" ">
    <subfield code="c">50153</subfield>
    <subfield code="d">50153</subfield>
  </datafield>
  <datafield tag="952" ind1=" " ind2=" ">
    <subfield code="0">0</subfield>
    <subfield code="1">0</subfield>
    <subfield code="2">ddc</subfield>
    <subfield code="4">0</subfield>
    <subfield code="7">1</subfield>
    <subfield code="8">NFIC</subfield>
    <subfield code="a">DBAD</subfield>
    <subfield code="b">DBAD</subfield>
    <subfield code="d">2011-01-28</subfield>
    <subfield code="e">DBAD/PUB</subfield>
    <subfield code="g">795.00</subfield>
    <subfield code="l">0</subfield>
    <subfield code="o">304.80954 KAP</subfield>
    <subfield code="p">EN-85499</subfield>
    <subfield code="r">2011-01-28 00:00:00</subfield>
    <subfield code="t">1</subfield>
    <subfield code="v">795.00</subfield>
    <subfield code="w">2011-01-28</subfield>
    <subfield code="y">EN</subfield>
  </datafield>
  <datafield tag="952" ind1=" " ind2=" ">
    <subfield code="0">0</subfield>
    <subfield code="1">0</subfield>
    <subfield code="4">0</subfield>
    <subfield code="7">0</subfield>
    <subfield code="8">NFIC</subfield>
    <subfield code="a">L</subfield>
    <subfield code="b">L</subfield>
    <subfield code="d">2012-05-07</subfield>
    <subfield code="e">Allied Pub/1180/01.10.2011/04/15.09.2011/09.11.2011</subfield>
    <subfield code="g">795.00</subfield>
    <subfield code="l">1</subfield>
    <subfield code="o">304.80954 KAP</subfield>
    <subfield code="p">B-446017</subfield>
    <subfield code="r">2022-02-21 00:00:00</subfield>
    <subfield code="s">2022-02-07</subfield>
    <subfield code="t">1</subfield>
    <subfield code="v">795.00</subfield>
    <subfield code="w">2012-05-07</subfield>
    <subfield code="y">EN</subfield>
  </datafield>
  <datafield tag="952" ind1=" " ind2=" ">
    <subfield code="0">0</subfield>
    <subfield code="1">0</subfield>
    <subfield code="4">0</subfield>
    <subfield code="7">0</subfield>
    <subfield code="8">NFIC</subfield>
    <subfield code="a">BL1</subfield>
    <subfield code="b">BL1</subfield>
    <subfield code="d">2012-05-07</subfield>
    <subfield code="e">Allied Pub/1180/01.10.2011/04/15.09.2011/09.11.2011</subfield>
    <subfield code="g">795.00</subfield>
    <subfield code="l">0</subfield>
    <subfield code="o">304.80954 KAP</subfield>
    <subfield code="p">B-446018</subfield>
    <subfield code="r">2012-05-07 00:00:00</subfield>
    <subfield code="t">1</subfield>
    <subfield code="v">795.00</subfield>
    <subfield code="w">2012-05-07</subfield>
    <subfield code="y">EN</subfield>
  </datafield>
  <datafield tag="952" ind1=" " ind2=" ">
    <subfield code="0">0</subfield>
    <subfield code="1">0</subfield>
    <subfield code="4">0</subfield>
    <subfield code="7">0</subfield>
    <subfield code="8">NFIC</subfield>
    <subfield code="a">JP</subfield>
    <subfield code="b">JP</subfield>
    <subfield code="d">2012-05-07</subfield>
    <subfield code="e">Allied Pub/1180/01.10.2011/04/15.09.2011/09.11.2011</subfield>
    <subfield code="g">795.00</subfield>
    <subfield code="l">0</subfield>
    <subfield code="o">304.80954 KAP</subfield>
    <subfield code="p">B-446019</subfield>
    <subfield code="r">2012-05-07 00:00:00</subfield>
    <subfield code="t">1</subfield>
    <subfield code="v">795.00</subfield>
    <subfield code="w">2012-05-07</subfield>
    <subfield code="y">EN</subfield>
  </datafield>
  <datafield tag="952" ind1=" " ind2=" ">
    <subfield code="0">0</subfield>
    <subfield code="1">0</subfield>
    <subfield code="4">0</subfield>
    <subfield code="7">0</subfield>
    <subfield code="8">NFIC</subfield>
    <subfield code="a">ZLS</subfield>
    <subfield code="b">ZLS</subfield>
    <subfield code="d">2012-05-07</subfield>
    <subfield code="e">Allied Pub/1180/01.10.2011/04/15.09.2011/09.11.2011</subfield>
    <subfield code="g">795.00</subfield>
    <subfield code="l">0</subfield>
    <subfield code="o">304.80954 KAP</subfield>
    <subfield code="p">B-446020</subfield>
    <subfield code="r">2012-05-07 00:00:00</subfield>
    <subfield code="t">1</subfield>
    <subfield code="v">795.00</subfield>
    <subfield code="w">2012-05-07</subfield>
    <subfield code="y">EN</subfield>
  </datafield>
  <datafield tag="952" ind1=" " ind2=" ">
    <subfield code="0">0</subfield>
    <subfield code="1">0</subfield>
    <subfield code="4">0</subfield>
    <subfield code="7">0</subfield>
    <subfield code="8">NFIC</subfield>
    <subfield code="a">VP</subfield>
    <subfield code="b">VP</subfield>
    <subfield code="d">2012-05-07</subfield>
    <subfield code="e">Allied Pub/1180/01.10.2011/04/15.09.2011/09.11.2011</subfield>
    <subfield code="g">795.00</subfield>
    <subfield code="l">0</subfield>
    <subfield code="o">304.80954 KAP</subfield>
    <subfield code="p">B-446021</subfield>
    <subfield code="r">2012-05-07 00:00:00</subfield>
    <subfield code="t">1</subfield>
    <subfield code="v">795.00</subfield>
    <subfield code="w">2012-05-07</subfield>
    <subfield code="y">EN</subfield>
  </datafield>
  <datafield tag="952" ind1=" " ind2=" ">
    <subfield code="0">0</subfield>
    <subfield code="1">0</subfield>
    <subfield code="4">0</subfield>
    <subfield code="7">0</subfield>
    <subfield code="8">NFIC</subfield>
    <subfield code="a">BL3</subfield>
    <subfield code="b">BL3</subfield>
    <subfield code="d">2012-05-07</subfield>
    <subfield code="e">Allied Pub/1180/01.10.2011/04/15.09.2011/09.11.2011</subfield>
    <subfield code="g">795.00</subfield>
    <subfield code="l">0</subfield>
    <subfield code="o">304.80954 KAP</subfield>
    <subfield code="p">B-446022</subfield>
    <subfield code="r">2012-05-07 00:00:00</subfield>
    <subfield code="t">1</subfield>
    <subfield code="v">795.00</subfield>
    <subfield code="w">2012-05-07</subfield>
    <subfield code="y">EN</subfield>
  </datafield>
  <datafield tag="952" ind1=" " ind2=" ">
    <subfield code="0">0</subfield>
    <subfield code="1">0</subfield>
    <subfield code="4">0</subfield>
    <subfield code="7">0</subfield>
    <subfield code="8">NFIC</subfield>
    <subfield code="a">NR</subfield>
    <subfield code="b">NR</subfield>
    <subfield code="d">2012-05-07</subfield>
    <subfield code="e">Allied Pub/1180/01.10.2011/04/15.09.2011/09.11.2011</subfield>
    <subfield code="g">795.00</subfield>
    <subfield code="l">0</subfield>
    <subfield code="o">304.80954 KAP</subfield>
    <subfield code="p">B-446023</subfield>
    <subfield code="r">2012-05-07 00:00:00</subfield>
    <subfield code="t">1</subfield>
    <subfield code="v">795.00</subfield>
    <subfield code="w">2012-05-07</subfield>
    <subfield code="y">EN</subfield>
  </datafield>
  <datafield tag="952" ind1=" " ind2=" ">
    <subfield code="0">0</subfield>
    <subfield code="1">0</subfield>
    <subfield code="4">0</subfield>
    <subfield code="7">0</subfield>
    <subfield code="8">NFIC</subfield>
    <subfield code="a">BL4</subfield>
    <subfield code="b">BL4</subfield>
    <subfield code="d">2012-05-07</subfield>
    <subfield code="e">Allied Pub/1180/01.10.2011/04/15.09.2011/09.11.2011</subfield>
    <subfield code="g">795.00</subfield>
    <subfield code="l">1</subfield>
    <subfield code="o">304.80954 KAP</subfield>
    <subfield code="p">B-446024</subfield>
    <subfield code="r">2017-06-12 00:00:00</subfield>
    <subfield code="s">2017-06-12</subfield>
    <subfield code="t">1</subfield>
    <subfield code="v">795.00</subfield>
    <subfield code="w">2012-05-07</subfield>
    <subfield code="y">EN</subfield>
  </datafield>
</record>
